A possible India : (Record no. 123378)

MARC details
000 -LEADER
fixed length control field 00944nam a22002537a 4500
005 - DATE AND TIME OF LATEST TRANSACTION
control field 20170124105924.0
010 ## - LIBRARY OF CONGRESS CONTROL NUMBER
LC control number A-953310
020 ## - INTERNATIONAL STANDARD BOOK NUMBER
Terms of availability 00.00
International Standard Book Number 0195647661
035 ## - SYSTEM CONTROL NUMBER
System control number A-953310
037 ## - SOURCE OF ACQUISITION
Source of stock number/acquisition Cen Lib/Ret
040 ## - CATALOGING SOURCE
Original cataloging agency DPL
Language of cataloging EN
082 ## - DEWEY DECIMAL CLASSIFICATION NUMBER
Classification number 320.54
Item number CHA
100 ## - MAIN ENTRY--PERSONAL NAME
Personal name Chatterjee, Partha
9 (RLIN) 5695
245 ## - TITLE STATEMENT
Title A possible India :
Statement of responsibility, etc by Partha Chatterjee
Remainder of title essays in political criticism /
260 ## - PUBLICATION, DISTRIBUTION, ETC. (IMPRINT)
Place of publication, distribution, etc Delhi
Name of publisher, distributor, etc Oxford University Press
Date of publication, distribution, etc 1997
270 ## - ADDRESS
Address YMCA Library Building, Jai Singh Road
City Delhi
Postal code 110001
300 ## - PHYSICAL DESCRIPTION
Extent xii,290p.
Dimensions 21cm(Hb)
500 ## - GENERAL NOTE
General note Includes index
650 ## - SUBJECT ADDED ENTRY--TOPICAL TERM
Topical term or geographic name as entry element Criticism-Political aspects
Geographic subdivision India
9 (RLIN) 5696
650 ## - SUBJECT ADDED ENTRY--TOPICAL TERM
Topical term or geographic name as entry element Criticise-Political activity
Geographic subdivision India
9 (RLIN) 5697
650 ## - SUBJECT ADDED ENTRY--TOPICAL TERM
Topical term or geographic name as entry element आलोचना-राजनीतिक पहलुओं
Geographic subdivision भारत
9 (RLIN) 5698
650 ## - SUBJECT ADDED ENTRY--TOPICAL TERM
Topical term or geographic name as entry element गतिविधि-राजनीतिक आलोचना
Geographic subdivision भारत
9 (RLIN) 5699
942 ## - ADDED ENTRY ELEMENTS (KOHA)
Source of classification or shelving scheme Dewey Decimal Classification
Koha item type English Books
Classification part 320.54
Call number suffix CHA
Holdings
Withdrawn status Lost status Damaged status Not for loan Home library Current library Date acquired Source of acquisition Cost, normal purchase price Total Checkouts Full call number Barcode Date last seen Copy number Cost, replacement price Price effective from Koha item type
        Central Library Central Library 05/06/2015 Cen Lib/Ret 0.00   320.54 CHA A-953310 05/06/2015 1 0.00 05/06/2015 English Books

© Delhi Public Library
Hit Counter
free hit counter